Open Data Biblioteca Nacional de Portugal


República Portuguesa: Ministério da Cultura
Biblioteca Nacional de Portugal

Catálogo da BNP: acesso por Identificadores Unívocos
Registos Bibliográficos associados ao registo de autoridade

Etiqueta de registo: 00254nam 2200025 450
001 2288519
003 http://id.bnportugal.gov.pt/bib/catbnp/2288519
100 ## $a20260618d2024 k y0pory01030103ba
101 0# $apor$deng
102 ## $aPT
105 ## $aa m 001yy
106 ## $ar
200 1# $aPara, olhe, pense$e a apropriação de lementos gráficos pelas artes visuais durante a ditadura militar no Brasil$e uma proposta de categorização sistêmica$fLuciana de Oliveira Inhan$gorient. Emílio Távora Vilar, Jardel Dias Cavalcanti
210 #9 $aLisboa$c[s.n.],$d2024
215 ## $a[20], 432 p.$cil.$d30 cm
328 #1 $aTese dout. Belas-Artes (Design de Comunicação), Faculdade de Belas-Artes da Universidade de Lisboa, 2024
700 #1 $aInhan,$bLuciana de Oliveira$32001293
702 #1 $aVilar,$bEmílio,$f1964-$4727$334933
702 #1 $aCavalcanti,$bJardel Dias$4727$32001294
801 #0 $aPT$bBN$gRPC
966 ## $lBN$mFGMON$x1
971 ## $cisantos$d20260622

OpendataBNP@bnportugal.pt | Mais informação sobre acesso aos dados BNP